The Illinois successive postconviction actual innocence petition standard after People v. Edwards

Guardado en:  
Detalles Bibliográficos
Autor principal: Szalapski, Vanessa J. (Autor)
Tipo de documento: Print Artículo
Lenguaje:Inglés
Publicado: 2014
En: The journal of criminal law and criminology
Año: 2014, Volumen: 104, Número: 1, Páginas: 195-225
Verificar disponibilidad: HBZ Gateway
Palabras clave:

MARC

LEADER 00000caa a2200000 c 4500
001 1640205098
003 DE-627
005 20220608131409.0
007 tu
008 140825s2014 xx ||||| 00| ||eng c
035 |a (DE-627)1640205098 
035 |a (DE-576)412904489 
035 |a (DE-599)BSZ412904489 
040 |a DE-627  |b ger  |c DE-627  |e rakwb 
041 |a eng 
100 1 |a Szalapski, Vanessa J.  |4 aut 
245 1 4 |a The Illinois successive postconviction actual innocence petition standard after People v. Edwards  |c Szalapski, Vanessa J. 
264 1 |c 2014 
336 |a Text  |b txt  |2 rdacontent 
337 |a ohne Hilfsmittel zu benutzen  |b n  |2 rdamedia 
338 |a Band  |b nc  |2 rdacarrier 
773 0 8 |i In  |t The journal of criminal law and criminology  |d Chicago, Ill. : Northwestern University Pritzker School of Law, 1931  |g 104(2014), 1, Seite 195-225  |w (DE-627)129545813  |w (DE-600)218239-7  |w (DE-576)014996103  |x 0091-4169  |7 nnas 
773 1 8 |g volume:104  |g year:2014  |g number:1  |g pages:195-225 
951 |a AR 
ELC |b 1 
LOK |0 000 xxxxxcx a22 zn 4500 
LOK |0 001 3301640710 
LOK |0 003 DE-627 
LOK |0 004 1640205098 
LOK |0 005 20250801142419 
LOK |0 008 140825||||||||||||||||ger||||||| 
LOK |0 040   |a DE-21-110  |c DE-627  |d DE-21-110 
LOK |0 689   |a s  |a Wiederaufnahmeverfahren 
LOK |0 689   |a g  |a USA 
LOK |0 852   |a DE-21-110 
LOK |0 852 1  |m p  |9 00 
LOK |0 938   |k p 
LOK |0 939   |a 25-08-14  |b l01 
ORI |a SA-MARC-krimdoka001.raw